Angel : la vita, il romanzo /

Đã lưu trong:
Chi tiết về thư mục
Tác giả chính: Rombi, Philippe (Nhà soạn nhạc)
Tác giả khác: Fassbender, Michael (Diễn viên), Ozon, François (Giám đốc), Rampling, Charlotte (Diễn viên), Neill, Sam (Diễn viên), Crimp, Martin (Người viết kịch bản), Garai, Romola (Diễn viên), Lenoir, Denis (Nhiếp ảnh gia)
Định dạng: Slide
Ngôn ngữ:Tiếng Italy
Tiếng Anh
Được phát hành: Campi Bisenzio : Cecchi Gori Home Video [distributore!, ©2007
Các nhãn: Thêm thẻ
Không có thẻ, Là người đầu tiên thẻ bản ghi này!

MARC

LEADER 00000ngm a22000007i 4500
001 IT\ICCU\LO1\1177467
003 ItRI
005 20260124182814.0
008 080305s2007 it |||||||||||||||k|||||c
028 4 2 |a PRV20201 
028 4 2 |a PSV20201 
040 |b ita 
041 7 |a ita  |a eng  |2 ISO-639-2 
082 |a 791.43  |9 CINEMA  |2 19 
130 0 |a Angel <film ; 2007>  |3 IT\ICCU\LO1\1177468 
245 0 0 |a Angel :  |b  la vita, il romanzo /  |c un film di François Ozon ; sceneggiatura di François Ozon e Martin Crimp ; tratto dal romanzo di Elizabeth Taylor ; musiche di Philippe Rombi ; fotografia di Denis Lenoir. 
260 |a Campi Bisenzio :  |b Cecchi Gori Home Video [distributore!,  |c ©2007 
300 |a 1 DVD (ca. 118 min.) :  |b sonoro (Dolby digital 5.1, 2.0), color 
500 |a Codice area: 2; formato video: anamorfico 1.85:1 
500 |a Tit. del contenitore 
500 |a Ripr. del film 2007, prod. Gran Bretagna / Francia / Belgio; interpreti: Romola Garai, Charlotte Rampling, Sam Neill, Michael Fassbender 
500 |a Lingue: italiano, inglese; sottotitoli: italiano, italiano per non udenti 
500 |a Contenuti speciali: Maurizio Porro intervista il regista; trailer; spot TV; biografia del regista e degli attori principali. 
500 |a Sceneggiatore  |0 IT\ICCU\MILV\258665 
700 1 |a Taylor, Elizabeth,  |d  (1912-1975)  |0 IT\ICCU\LO1V\187287  |4 ant 
700 1 |a Fassbender, Michael  |0 IT\ICCU\LO1V\342416  |4 act 
700 1 |a Ozon, François  |0 IT\ICCU\MILV\258665  |4 drt 
700 1 |a Rampling, Charlotte  |0 IT\ICCU\RAVV\089463  |4 act 
700 1 |a Neill, Sam  |0 IT\ICCU\RAVV\090553  |4 act 
700 1 |a Crimp, Martin  |0 IT\ICCU\RAVV\102537  |4 sce 
700 1 |a Rombi, Philippe  |0 IT\ICCU\RAVV\389784  |4 cmp 
700 1 |a Garai, Romola  |0 IT\ICCU\RAVV\426987  |4 act 
700 1 |a Lenoir, Denis  |0 IT\ICCU\UBOV\112798  |4 pht 
942 |2 ddc  |c VM  |n 0 
952 |0 0  |1 0  |4 0  |6 VO_1617_000000000000000  |7 0  |9 26584  |a BO  |b BO  |d 2026-01-24  |i 12192  |l 0  |o VO 1617  |p BO12192  |r 2026-01-24 18:28:14  |w 2026-01-24  |x [Sebina 5] [1 dvd]  |y VM  |z 1 dvd 
999 |c 22483  |d 22483